000 00517nam a22001937a 4500
999 _c6190
_d6190
003 OSt
005 20191202123610.0
008 181203b xxu||||| |||| 00| 0 eng d
020 _a 978-0123735812
040 _cDNLM
082 _aQV34 R29b 2008
100 _aEdited by Arnold, L. Demain
_912763
245 _aBiotechnology for Beginners
260 _aAmsterdam;
_bElsevier,
_c2008
300 _axix,349p; col.ill: 27cm
504 _aCredits, & Index included
650 _aBiotechnology
_94840
942 _2z
_cSLOAN